000 01158nam a2200241Ia 4500
999 _c38398
_d38398
001 4408
003 GE_BSU
005 20221010162709.0
008 181216s2005ru xx |||||||||||||| ||rus||
040 _cGE_BSU
041 _arus
080 _a628.1+628.2(075.32) Г-60
100 _aЗацепин,В.Н.
_915208
245 _aКурсовое и дипломное проектирование водопроводных и канализационных сетей и сооружений :
_bУчебник. /
_cЮ.В. Голик, В.И. Карасев.
250 _aизд. 2-е перераб. и доп.
264 _aСПБ :
_bСтройиздат,
_c1973.
300 _a216 стр. :
_b21 см.
_cс илл.
653 _aКурсовое и дипломное проектирование водопроводных и канализационных сетей и сооружений.
653 _aკორუფცია, როგორც სოციალური დეგრადაციის მექანიზმი
653 _aსამართალი
700 _aКарасев,В.И.
_915209
942 _cBK
_2udc